| 000 | 00949cab a22001935a 4500 | ||
|---|---|---|---|
| 001 | L141966 | ||
| 008 | 080117s2007 xxk f 000 0 eng d | ||
| 035 | _a(Sirsi) u141966 | ||
| 041 | 0 | _aeng | |
| 100 | 1 | _aPatterson, Alan | |
| 245 | 0 | 0 | _aMaking sense of the market |
| 260 | _c2007 | ||
| 490 | 0 |
_aProperty Forecast _v10(11) November 2007, 2-11(2) |
|
| 520 | _aDiscusses the correction to the UK commercial property market. Includes how long the process will take and how fundamental it will be. Provides an overview of the market. Suggests that market recovery may happen sooner than many might think. Suggests that investors develop strategic thinking around energy performance certification, quantify the need for assessors and address the implications of procuring certificates for buildings ahead of time. | ||
| 590 | _aKA | ||
| 651 | 4 |
_aUnited Kingdom _y |
|
| 690 | _aPROPERTY-COMMERCIAL PROPERTY-COMMERCIAL PROPERTY MARKET | ||
| 942 | _n0 | ||
| 999 |
_c79676 _d79676 |
||